Zásada zákazu diskriminácie v B2B vzťahoch

Možnosti aplikácie všeobecnej právnej zásady európskeho práva – zásady rovnosti, respektíve zásady zákazu diskriminácie v horizontálnych právnych vzťahoch medzi podnikateľskými subjektmi. Otázky zákazu diskriminácie v súťažnom práve.

Gespeichert in:
Bibliographische Detailangaben
1. Verfasser: Hlobíková, Daniela
Format: Buchkapitel
Sprache:Slowakisch
Schlagworte:
Tags: Tag hinzufügen
Keine Tags, Fügen Sie das erste Tag hinzu!

MARC

LEADER 00000nla a2200000 4500
001 0247442
005 20240417075144.7
041 0 |a slo 
044 |a SK 
245 1 0 |a Zásada zákazu diskriminácie v B2B vzťahoch  |c Daniela Hlobíková 
520 |a Možnosti aplikácie všeobecnej právnej zásady európskeho práva – zásady rovnosti, respektíve zásady zákazu diskriminácie v horizontálnych právnych vzťahoch medzi podnikateľskými subjektmi. Otázky zákazu diskriminácie v súťažnom práve. 
610 2 0 |a právo európske 
610 2 0 |a diskriminácia 
610 2 0 |a právo súťažné 
610 2 0 |a normy právne 
610 2 0 |a vzťahy s verejnosťou 
610 2 0 |a podnikatelia 
610 2 0 |a Súdny dvor Európskej únie 
100 1 |a Hlobíková, Daniela